Les vestiges des expositions de Paris - Statistiques

Statistiques générales
  • Ce quiz a été pris 4 fois
  • Le résultat moyen est 3 sur 22
Statistiques - réponses
Par images Hint Réponse % Correct
Paris - Tour Eiffel Symbole de l'Expo de {1889}
100%
Paris - Petit palais Lieu d'exposition de l'Expo de {1900}
75%
Paris - Grand palais Lieu d'exposition de l'Expo de {1900}
50%
Paris - Palais de Chaillot Lieu d'exposition de l'Expo de {1937}
50%
Meudon - Hangar à dirigeable Galerie des machines de l'Expo de {1878}
25%
Vaucresson - Réplique de Mount Vernon Pavillon de l'Expo coloniale de {1931}
25%
Paris - Aquarium du Trocadéro Lieu d'exposition de l'Expo de {1937}
0%
Paris - Musée d'art moderne Lieu d'exposition de l'Expo de {1937}
0%
Paris - Structure de N.D. du Travail Parties du Palais de l'industrie de l'Expo de {1855}
0%
Seraincourt - Mairie Pavillon de la Bretagne de l'Expo de {1937}
0%
Paris - Jardin tropical - Pavillon de la Réunion Pavillon de l'Expo coloniale de {1907}
0%
Paris - Jardin tropical - Pavillon de la Tunisie Pavillon de l'Expo coloniale de {1907}
0%
Paris - Jardin tropical - Pavillon de la Guyane Pavillon de l'Expo coloniale de {1907}
0%
Linderhof - Kiosque maure Pavillon de l'Expo de {1867}
0%
Maisons-Laffitte - Maison Doulton Pavillon de l'Expo de {1878}
0%
Courbevoie - Pavillon de la Suède et de la Norvège Pavillon de l'Expo de {1878}
0%
Santiago - Pavillon du Chili Pavillon de l'Expo de {1889}
0%
Nouméa - Bibliothèque Bernheim Pavillon de l'Expo de {1900}
0%
Paris - Isbas de la villa de Beauséjour Pavillons du village russe de l'Expo de {1867}
0%
Paris - Pagode du bois de Vincennes Portions de pavillons de l'Expo coloniale de {1931}
0%
Boulogne-Billancourt - Maître-autel de N.D des Menus Présenté à l'Expo de {1867}
0%
Tongres - Ambiorix Présenté à l'Expo de {1867}
0%
Aucun quiz correspondant
Distribution des résultats
% des personnes avec chaque résultat
Percentile par nombre de réponses
Votre historique - résultats
Vous n’avez pas pris ce quiz